000
00217nam a22000857a 4500
008
160706b xxu||||| |||| 00| 0 eng d
100
_9
2403
_a
Om Kidz
245
_a
101 Questions & Answers
260
_a
New Delhi
_b
Om Kidz
_c
2012
999
_c
2078
_d
2078